000 00875nam a2200253 a 4500
001 000022083
005 20200930011556.0
008 100916s1989 cu r 000 f spa d
040 _aDO-SdBNP
_bspa
_cBNPHU
082 _a813.54
_bG448p
100 1 _aGibson, Graeme,
_d1934-
_945752
240 1 0 _aPerpetual motion.
_lEspañol.
245 1 0 _aMovimiento perpetuo /
_cGraeme Gibson ; traducción Esther Pérez ; edición Guillermo Wasmer Miguel.
260 _aLa Habana, Cuba :
_bArte y Literatura,
_c1989.
300 _a423 p. ;
_c18 cm.
490 1 _aBolsilibros A. L.
534 _aTítulo original en inglés
_tPerpetual motion
650 4 _aNovela canadiense
_97990
650 4 _aLiteratura canadiense
_ySIGLO XX
_97991
700 1 _aPérez, Esther
_etr
_945753
700 1 _aWasmer Miguel, Guillermo
_eed.
_945754
830 0 _aBolsilibros A. L.
_921505
049 _aBNGR
999 _c21581
_d21581